00581nam a22001217a 4500008004100000020001500041050001400056100002300070245003600093260004100129300002600170500026300196200302b xxu||||| |||| 00| 0 eng d a0721661009 aRJ245.M33 aMarlow, Dorothy R. aTextbook of pediatric nursing./ aPhiladelphia:bW.B. Saunders,c1988. axxxvii, 1316p.:bill. aContents: Unit1: Introduction to the family Unit 2: Assessment of children Unit 3 The child and illness Unit 4 The neonate Unit 5 The infant Unit 6 The toddler Unit 7 The preschool child Unit 8 The school child Unit 9 The pubescent and the adolescent